| 000 | 00823pam a2200265 a 4500 | ||
|---|---|---|---|
| 001 | 2996 | ||
| 005 | 20240130104127.0 | ||
| 020 | _a0876141459 | ||
| 040 |
_aDLC _cDLC _dDLC _beng |
||
| 050 | 0 | 0 | _aTP390.M5713 |
| 082 | 0 | 0 | _a664.123 |
| 100 | 1 | _aMitgutsch, Ali | |
| 245 | 1 | 0 |
_aFrom beet to sugar / _cAli Mitgutsch. |
| 260 |
_aMinneapolis : _bCarolrhoda Books, _c1972 |
||
| 300 |
_a18 unnumbered pages : _bcolor illustrations ; _c16 cm . |
||
| 500 | _aRev. English text of: Von der RĂ¼be zum Zucker. | ||
| 505 | _aH | ||
| 520 | _aHighlights the step-by-step process of extracting sugar from sugar beets. | ||
| 521 |
_a430
_bLexile |
||
| 521 |
_aH
_bRaz-Plus |
||
| 650 | 0 |
_aBeet sugar _xJuvenile literature. |
|
| 650 | 1 | _aSugar. | |
| 906 |
_a7 _bcbc _corignew _d1 _eocip _f19 _gy-gencatlg |
||
| 942 |
_2ddc _cBK _n0 |
||
| 999 |
_c2996 _d2996 |
||